Volcanismo (Record no. 27373)

MARC details
000 -LEADER
campo de control de longitud fija 00805nam a2200265 i 4500
001 - NÚMERO DE CONTROL
campo de control 27373
003 - IDENTIFICADOR DE NÚMERO DE CONTROL
campo de control ES-MaACL
005 - FECHA Y HORA DE LA ÚLTIMA TRANSACCIÓN
campo de control 20250724233438.0
007 - CAMPO FIJO DE DESCRIPCIÓN FÍSICA--INFORMACIÓN GENERAL
campo de control de longitud fija t|
008 - DATOS DE LONGITUD FIJA--INFORMACIÓN GENERAL
campo de control de longitud fija 030114s1974 sp a |||| | spa d
020 ## - NÚMERO INTERNACIONAL ESTÁNDAR DEL LIBRO
Número Internacional Estándar del Libro 84-7090-063-3
080 ## - NÚMERO DE LA CLASIFICACIÓN DECIMAL UNIVERSAL
Número de la Clasificación Decimal Universal 551.21
100 1# - ENTRADA PRINCIPAL--NOMBRE DE PERSONA
Nombre de persona Araña, Vicente.
9 (RLIN) 144580
245 10 - MENCIÓN DEL TÍTULO
Título Volcanismo
Resto del título : dinámica y petrología de sus productos /
Mención de responsabilidad, etc. Vicente Araña Saavedra, José López Ruiz.
260 ## - PUBLICACIÓN, DISTRIBUCIÓN, ETC.
Lugar de publicación, distribución, etc. Madrid :
Nombre del editor, distribuidor, etc. Istmo,
Fecha de publicación, distribución, etc. [1974]
300 ## - DESCRIPCIÓN FÍSICA
Extensión 481 p. :
Otras características físicas il. ;
Dimensiones 22 cm.
490 1# - MENCIÓN DE SERIE
Mención de serie Colegio universitario ;
Designación de volumen o secuencia 4
500 ## - NOTA GENERAL
Nota general Índice.
504 ## - NOTA DE BIBLIOGRAFÍA, ETC.
Nota de bibliografía, etc. Bibliografía.
650 #7 - PUNTO DE ACCESO ADICIONAL DE MATERIA--TÉRMINO DE MATERIA
Término de materia o nombre geográfico como elemento de entrada Volcanes
Fuente del encabezamiento o término embne
9 (RLIN) 17846
700 1# - ENTRADA AGREGADA--NOMBRE PERSONAL
Nombre de persona López Ruiz, José
Títulos y otros términos asociados al nombre (geólogo)
9 (RLIN) 144581
830 1# - PUNTO DE ACCESO ADICIONAL DE SERIE-TÍTULO UNIFORME
Título uniforme Colegio universitario ;
Designación de volumen o secuencia 4
9 (RLIN) 183422
852 ## - LOCALIZACIÓN
Ubicación ES-MaACL
Número de control de estantería A-10130
Holdings
Estatus retirado Estado de pérdida Estado de daño No para préstamo Biblioteca de origen Biblioteca actual Ubicación en estantería Fecha de adquisición Fuente de adquisición Total de préstamos Signatura topográfica completa Código de barras Visto por última vez Precio de reemplazo Tipo de ítem Koha
        Biblioteca del Ateneo de Madrid Biblioteca del Ateneo de Madrid Depósito 1 17/01/2008     A-10130 1028253 23/02/2023 23/02/2023 Libro impreso